Studies in strange souls /

Bibliographic Details
Main Author: Symons, Arthur, 1865-1945
Format: Book
Language:English
Published: London : C.J. Sawyer, 1929.
Subjects:

MARC

Tag First Indicator Second Indicator Subfields
LEADER 00000cam a2200000Ia 4500
001 in00002026708
005 20151031175248.0
008 730810s1929 enkc 000 0 eng c
010 |a  30009431  
035 |a (OCoLC)ocm00675568 
040 |a Muskingum College Lib  |c DLC  |d OCLCQ  |d TXA  |d UtOrBLW 
049 |a TXAM 
050 0 0 |a PR5246  |b .S8 
082 0 |a 821/.8/09 
090 |a PR5246  |b .S88 1929 
100 1 |a Symons, Arthur,  |d 1865-1945. 
245 1 0 |a Studies in strange souls /  |c by Arthur Symons. 
264 1 |a London :  |b C.J. Sawyer,  |c 1929. 
300 |a 82 pages :  |b portraits ;  |c 22 cm. 
336 |a text  |b txt  |2 rdacontent 
337 |a unmediated  |b n  |2 rdamedia 
338 |a volume  |b nc  |2 rdacarrier 
500 |a Studies of Rossetti and Swinburne. 
500 |a "This edition is limited to ten copies on Japanese vellum <not for sale>, one hundred copies on hand-made paper signed by the author and two hundred and fifty numbered copies on Abbey mill antique paper." Cushing Library Lit./Whitman copy is number28 on Kelmscott hand-made paper. 
580 |a Part of The Roger Asselineau Whitman Collection. 
600 1 0 |a Swinburne, Algernon Charles,  |d 1837-1909. 
600 1 0 |a Rossetti, Dante Gabriel,  |d 1828-1882. 
773 0 |t Roger Asselineau Whitman Collection. 
994 |a E0  |b TXA 
948 |a cataloged  |b h  |c 2005/2/10  |d c  |e mzajicek  |f 8:29:23 am 
999 |a MARS 
999 f f |s 217fb9cf-9271-3cee-b2c0-4056e1cba416  |i 26bb4a0f-d9de-3881-a9e7-366f6feb844d  |t 0 
952 f f |p noncirc  |a Texas A&M University  |b College Station  |c Cushing Memorial Library & Archives  |d Cushing: Literature/Whitman (Does not check out)  |t 0  |e PR5246 .S88 1929  |h Library of Congress classification  |i unmediated -- volume 
998 f f |a PR5246 .S88 1929  |t 0  |l Cushing: Literature/Whitman (Does not check out)